00449nam a2200121Ia 4500008004100000024005900041082001900100100007900119245004300198260002600241600002700267650003300294260210s9999 xx 000 0 und d a12B-24-EL, 12B-103-EL, 12B-104-EL & 12B-114-EL a670.427072 MUH aMuhammad Rizwan Loya, Mehak Ismail, Syeda Zainab hider & Ramsha Raheen 0aSpartan FPGA Kit Based Home Automation aKarachi:bUITU,c2012 aElectrical Engineering aBachelor of Engineering (BE)